| 000 | 00470nam a2200181Ia 4500 | ||
|---|---|---|---|
| 003 | GCL | ||
| 008 | 140319s9999 xx 000 0 eng d | ||
| 040 |
_aGCL / _cGCL |
||
| 082 | 0 | 4 |
_a428.24 _bM B |
| 100 | 1 | _aMURPHY, RAYMOND | |
| 245 | 1 | 0 |
_aBASIC GRAMMAR IN USE / _cMURPHY, RAYMOND |
| 260 |
_a[S.N] : _bCOMBRIDGE UNIVERSITY PRESS ، _c1993 |
||
| 300 | _a25 PP | ||
| 650 | 0 | 4 | _aFOREIGN SPEAKERS |
| 650 | 0 | 4 | _aENGLISH LANGUAGE |
| 650 | 0 | 4 | _aTEXTBOOKS |
| 942 |
_2ddc _cBK |
||
| 999 |
_c17565 _d17565 |
||